[Event "Saint Louis Blitz 2017"]
[Site "Saint Louis"]
[Date "2017.08.17"]
[Round "2"]
[White "Aronian, Levon"]
[Black "Navara, David"]
[Result "1/2-1/2"]
[WhiteElo "2799"]
[BlackElo "2737"]
[Annotator "TA"]
[PlyCount "294"]
[EventDate "2017.??.??"]
[EventType "tourn"]
[EventCountry "USA"]
[SourceTitle "playchess.com"]
[Source "ChessBase"]
[SourceQuality "1"]

{[%evp 10,294,11,-21,-14,-23,-25,-48,0,-5,-12,-18,-6,-48,-21,-15,-7,-9,0,-25,9,0,0,-6,8,-42,0,0,0,0,0,-39,83,-178,0,0,19,22,27,20,33,-100,-85,-391,-356,-347,-204,-197,-205,-200,-202,-188,-97,-268,-20,-20,-31,-31,-44,-31,-31,-31,0,0,0,0,0,0,0,0,0,0,0,0,0,0,0,0,0,0,0,0,0,0,0,0,0,0,0,0,0,0,0,0,0,0,0,0,0,0,0,0,0,0,0,0,0,0,20,12,156,0,20,0,20,20,20,20,20,0,0,0,0,0,0,0,0,0,0,0,0,0,0,0,0,0,0,0,0,0,29949,29949,29948,29948,29948,29943,29951,12683,11355,10348,9979,9802,9644,0,0,0,0,0,0,0,0,0,7947,7868,7814,0,7732,0,0,0,0,0,0,0,0,0,0,0,0,0,0,0,0,0,0,0,0,0,0,0,0,0,0,0,0,0,0,0,0,0,0,0,0,0,0,0,0,0,0,0,0,0,0,0,0,0,0,0,0,0,0,0,0,0,0,0,0,0,0,0,8,0,0,0,0,0,0,0,0,0,0,0,0,0,0,0,0,0,8,0,0,0,0,0,0,0,0,0,0,0,0,0,0,0,0,0,0,0,0,0,0,0,0,0,0,0,0,0,0,0,0,0,0,0,0,0,0]} 1. d4 Nf6 2. Nf3 e6 3. g3 c5 4. Bg2 cxd4 5. O-O d5 (5... Nc6 6. Nxd4 Bc5 7. Nb3 Be7 8. c4 O-O 9. Nc3 b6 10. Bf4 Bb7 11. Rc1 d6 12. Nb5 Ne8 13. Qd2 a6 14. Nc3 Qb8 15. Rfd1 Nd8 16. Ne4 e5 17. Bg5 {1-0 (54) Aronian,L (2792)-Carlsen,M (2855) Paris 2016}) 6. b3 {LiveBook: 4 Games. A46: 1 d4 Nf6 2 Nf3 e6: Torre, London and Colle Systems} Bc5 7. Bb2 O-O $146 ({Predecessor:} 7... Nc6 8. Nxd4 Nxd4 9. Bxd4 Bxd4 10. Qxd4 Qe7 11. Nc3 Bd7 12. e4 e5 13. Qd3 d4 14. Nd5 Nxd5 15. exd5 O-O 16. c3 dxc3 {1-0 (69) Burmakin,V (2535)-Khegay,D (2485) Pavlodar 2016}) 8. Nxd4 {Black has an edge.} e5 9. Nf3 e4 10. Nd4 Nc6 11. Qd2 Re8 12. Nxc6 $1 bxc6 13. e3 $1 h5 14. h4 Be6 {[#]} 15. c4 $1 {[%mdl 512]} dxc4 16. Rc1 Qe7 17. Qe2 cxb3 (17... Rad8 $5 {[%cal Rd8d3]} 18. Bxf6 Qxf6 $11) 18. axb3 Bxb3 19. Ra5 Bb4 20. Rg5 (20. Rf5 $5 {[%cal Rb2f6]}) 20... c5 (20... Bd5 $1 $15) 21. Bxe4 $2 {[%mdl 8192]} (21. Nd2 $16 Bxd2 22. Qxd2) 21... Qxe4 $2 (21... Nxe4 $19 22. Rxg7+ Kf8) 22. Bxf6 $1 $11 Bd5 {[%csl Gd5][%cal Re4h1]} 23. f3 $1 Qxe3+ 24. Qxe3 Rxe3 25. Bxg7 (25. Rxg7+ $14 {keeps the upper hand.} Kf8 26. Rh7) 25... Kh7 $36 {[%mdl 2048] Black is in control.} 26. Nc3 $2 {[%mdl 8192]} (26. Rxd5 $17 Kxg7 27. Nd2) 26... Bxf3 $19 27. Bf6 Bg4 (27... Rd3 $142 28. Kf2 Re8) 28. Nd5 Rxg3+ 29. Kh2 Rh3+ 30. Kg2 Re8 ({Avoid the trap} 30... Rxh4 $2 31. Bg7 $18) (30... Rg8 $19 31. Rxh5+ Bxh5+ 32. Kxh3 Bg4+ 33. Kh2 Be6) 31. Nf4 $2 (31. Be5 $17 Rf3 32. Nf6+ Rxf6 33. Bxf6) 31... Rf3 $2 ({Resist} 31... Rxh4 32. Rgxc5 Bxc5 33. Rxc5 $19) (31... Bd2 $19 32. Nxh3 Bxc1 33. Rxc5 Re2+ 34. Kf1 Be3) 32. Rg7+ $11 Kh6 33. Rxf7 {[%csl Gh4][%cal Rf6g5]} Rxf4 34. Bg5+ Kg6 35. Rxf4 Re2+ (35... Re6 {is interesting.} 36. Rcf1 Bc3 37. Rf8 Bg7 38. R8f7 Be2) 36. Rf2 Rxf2+ 37. Kxf2 {[%mdl 4096] Endgame KRB-KB} a5 38. Be3 a4 39. Bxc5 Bxc5+ 40. Rxc5 {KR-KB} Be6 41. Rg5+ Kh6 $1 42. Ra5 Bb3 43. Ke3 Kg6 44. Kf4 Bd1 45. Ra6+ Kf7 46. Ke5 Bb3 (46... a3 $5 47. Rxa3 Be2 48. Ra7+ Ke8 $18) 47. Rf6+ Ke7 48. Ra6 (48. Rf1 {is interesting.} a3 49. Re1 a2 50. Kd4+ Be6 51. Rf1) 48... Kf7 49. Kf5 (49. Rd6 {feels hotter.} a3 50. Ra6 a2 51. Ra7+ Ke8 52. Kf4) 49... Bc2+ (49... a3 $5) 50. Ke5 Bb3 (50... a3 $5 51. Rxa3 Bd1 $18) 51. Ra5 Bc2 52. Ra7+ Kg6 53. Kf4 Kf6 54. Ra6+ Ke7 55. Ke5 (55. Kg5 $5 {[%cal Rg5h5]} Bd1 56. Rc6 $18) 55... Kd7 (55... a3 $5 56. Ra7+ Kd8 57. Rxa3 Ke7 58. Ra7+ Ke8 $18) 56. Kd4 Ke7 57. Kc3 Bb3 58. Rh6 Bd1 59. Kd2 Bb3 (59... Bg4 $11 {remains equal.} 60. Ra6 Bd7) 60. Kc3 $2 (60. Rxh5 $16 Kf6 61. Kc3) 60... Bf7 61. Ra6 Bb3 62. Ra5 Bd1 63. Kd2 Bg4 64. Rxa4 Kf6 65. Ke3 Ke5 (65... Bd1 $5 {[%cal Rd1a4]} 66. Ra1 Bg4 $18) 66. Ra5+ Ke6 67. Kf4 Bd1 68. Ra6+ Kd5 69. Kf5 Bg4+ 70. Kg5 Be2 71. Ra8 Bg4 72. Re8 Kd6 73. Kf6 Kd5 74. Re3 Kd4 $2 {[%mdl 8192]} (74... Kd6 $11 75. Re5 Bf3) 75. Re5 Bf3 76. Kf5 $1 {[%cal Rf5f4]} Bg4+ 77. Kf4 Kd3 78. Rd5+ (78. Rg5 $142 Be2 79. Rg3+ Kc4 80. Rg2 Bf1 81. Rc2+ Kd5 82. Kg5 Ke6 83. Kxh5) 78... Kc4 $18 79. Ke5 Bf3 80. Rd8 Bg4 81. Kf4 $2 ({White should play} 81. Rg8 $18 Kc5 82. Rg6) 81... Kc5 $1 $11 82. Kg5 Kc6 83. Kf6 Kc7 84. Rd4 (84. Rd5 $5 {[%cal Rf6g6]} Kc6 85. Rg5 $18) 84... Kc6 85. Ke5 Be2 $2 {[%mdl 8192]} (85... Bh3 $11 86. Rd6+ Kc7) 86. Rd6+ $18 Kc7 {[#]} 87. Kd5 $2 ({White must play} 87. Ke6 $1 $18 {[%cal Re6d5]} Bc4+ 88. Ke5) 87... Bf3+ $2 {[%mdl 8192] [#]} (87... Bg4 $11 88. Kc5 Be2) 88. Kc5 $2 ({White has to play} 88. Ke6 $1 $18 {[%cal Re6e5]} Bc6 89. Rd3) 88... Bg4 $11 {The position is equal.} 89. Rd4 Be2 90. Re4 Bg4 91. Re7+ Kd8 92. Kd6 Bd1 $1 93. Re3 Bg4 94. Re5 Bd1 $1 95. Rc5 (95. Re4 {is more complex.} Bg4 96. Re7) 95... Bg4 96. Ra5 Ke8 97. Ra7 Kf8 98. Ke5 Ke8 99. Kf6 Kd8 100. Rh7 Ke8 101. Ke5 Kf8 102. Kd6 (102. Rh6 {is more complex.} Ke7 103. Rh7+ Kf8) 102... Ke8 103. Re7+ Kf8 104. Re3 Kf7 105. Ke5 {Ra3 is the strong threat.} Ke7 106. Rd3 Be2 107. Rd2 Bg4 108. Kf4 Ke6 109. Kg5 Ke5 110. Rd8 Ke6 111. Re8+ Kd7 112. Re5 Kd6 113. Kf6 {Hoping for Ra5.} Bd1 114. Re6+ Kd5 115. Re8 Bg4 116. Rd8+ Kc6 117. Kg5 (117. Rd1 $5 Bxd1 118. Ke5 $19) 117... Kc7 (117... Bd1 $5 118. Rxd1 Kc5 119. Kxh5 Kc4 120. Kg6 Kc3 121. h5 Kb4 122. h6 Kc4) 118. Rd5 (118. Rd1 $5 Bxd1 119. Kf4 $19) 118... Kc6 (118... Bd1 $5 119. Rxd1 Kb6 120. Kxh5 Kc5 121. Kg4 Kc4 122. h5 Kc3 123. h6 Kc4) 119. Rd4 (119. Rd1 $5 Bxd1 120. Kf4 $19) 119... Kc5 (119... Bd1 $5 120. Rxd1 Kc5 121. Kxh5 Kc4 122. Kg4 Kb3 123. h5 Kc2 124. Rh1 Kd3) 120. Rd2 Kc6 (120... Bd1 $5 121. Rxd1 Kb5 122. Kxh5 Kb4 123. Kg4 Kc3 124. Rd8 Kb3 125. h5 Kb4) 121. Kg6 (121. Rd1 $5 Bxd1 122. Kf6 $19) 121... Kc5 (121... Bd1 $5 122. Rxd1 Kc5 123. Kxh5 Kb4 124. Kg6 Kc4 125. h5 Kc3 126. h6 Kb3) 122. Rd8 {aiming for Kg5.} (122. Rd1 $5 Bxd1 123. Kg5 $19) 122... Kc6 (122... Bd1 $5 123. Rxd1 Kb4 124. Kxh5 Kc3 125. Kg4 Kc2 126. Rd7 Kb3 127. h5 Kc4) 123. Rf8 {And now Kg5 would win.} (123. Rd1 $5 Bxd1 124. Kf6 $19) 123... Kd7 124. Kf6 {Threatens to win with Ra8.} Bf3 125. Ke5 (125. Rf7+ {is interesting.}) 125... Bg4 (125... Bd1 {seems wilder.}) 126. Rf6 Be2 127. Rd6+ (127. Rf1 $5 Bxf1 128. Kf6 $19) 127... Ke7 128. Rd4 (128. Rd1 $5 Bxd1 129. Kf4 $19) 128... Bg4 (128... Bd1 $5 129. Rxd1 Kf7 130. Rd7+ Ke8 131. Ke6 Kf8 132. Kf6 Kg8 133. Rd8+ Kh7 134. Rf8 Kh6 135. Rh8#) 129. Rd5 (129. Rxg4 $5 hxg4 130. Kf4 $11) 129... Bf3 (129... Bd1 $5 130. Rxd1 Kf7 131. Rd7+ Ke8 132. Ke6 Kf8 133. Kf6 Kg8 134. Rd8+ Kh7 135. Rf8 Kh6 136. Rh8#) 130. Ra5 {Strongly threatening Ra7+.} (130. Rd1 {with more complications.}) 130... Bg4 131. Ra7+ Ke8 132. Kd6 {Black must now prevent Rb7.} Bf3 133. Re7+ Kf8 134. Ke6 {White wants to mate with Rf7+.} (134. Re1 $5 {[%cal Re1f1]} Bg4 $18) 134... Bd1 135. Kf6 Bg4 136. Re5 Bf3 137. Re3 Bg4 138. Kg6 (138. Re1 {keeps more tension.}) 138... Bd1 139. Kf6 {Rd3 would kill now.} Kg8 140. Re8+ (140. Re1 $5 {[%cal Re1d1]} Ba4 $18) 140... Kh7 141. Kg5 Kg7 142. Re7+ (142. Re1 $5 {[%cal Re1d1]} Bg4 $18) 142... Kf8 143. Kf6 {Threatening mate with Rd7.} (143. Re1 {feels hotter.}) 143... Bg4 144. Re5 Kg8 145. Re8+ Kh7 146. Rd8 Bf3 (146... Bd1 $5 147. Rxd1 Kh6 148. Rd8 Kh7 149. Rf8 Kh6 150. Rh8#) 147. Rd7+ (147. Rd1 $5 Bxd1 148. Kf7 Bb3+ 149. Kf6 $19) 147... Kh6 {Precision: White = 44%, Black = 57%.} 1/2-1/2

[Event "Saint Louis Blitz 2017"]
[Site "Saint Louis"]
[Date "2017.08.17"]
[Round "2"]
[White "Nakamura, Hikaru"]
[Black "Le, Quang Liem"]
[Result "1/2-1/2"]
[WhiteElo "2792"]
[BlackElo "2739"]
[Annotator "TA"]
[PlyCount "175"]
[EventDate "2017.??.??"]
[EventType "tourn"]
[EventCountry "USA"]
[SourceTitle "playchess.com"]
[Source "ChessBase"]
[SourceQuality "1"]

{[%evp 9,175,-22,-22,-34,-25,-41,-12,-13,-13,-13,-13,-13,-11,-10,-10,-14,-4,-16,22,14,12,0,0,0,0,0,0,0,0,0,0,0,0,0,-3,-14,-6,-8,-5,-20,0,0,0,-10,11,6,9,0,0,0,0,0,0,0,0,0,0,0,0,0,0,0,0,0,0,0,6,6,6,6,6,5,4,0,6,6,6,6,6,6,7,0,0,0,0,0,0,0,0,0,0,0,0,0,0,0,0,0,0,0,0,0,0,0,0,0,0,0,0,0,7,7,7,7,7,7,7,7,7,7,7,7,7,0,7,7,7,7,7,7,7,7,7,0,0,0,0,0,0,0,0,0,0,0,0,0,0,0,0,0,0,0,0,0,0,0,0,0,0,0,0,0,0,0,0,0,0,0]} 1. b3 d5 2. Nf3 Nf6 3. Bb2 g6 4. Bxf6 exf6 5. e3 Bg7 {LiveBook: 3 Games} (5... Nd7 6. Be2 f5 7. O-O Nf6 8. c4 c6 9. Nc3 Bg7 10. Rc1 O-O 11. Qc2 Ne4 12. d4 Be6 13. cxd5 cxd5 {½-½ (44) Hinks Edwards,T (2396)-Votava,J (2521) Czech Republic 2016}) 6. d4 {A01: Nimzowitsch-Larsen Opening} O-O 7. g3 $146 ({Predecessor:} 7. Bd3 f5 8. Nbd2 f4 9. exf4 Re8+ 10. Be2 c5 11. O-O cxd4 12. Bd3 Nc6 13. a3 {½-½ (44) Jedynak,R (2412)-Lagowski,P (2415) Dzwirzyno 2004}) 7... Be6 (7... c5 $5) 8. Bg2 {The position is equal.} Nd7 9. O-O f5 10. Nc3 {[%cal Bb1c3,Bc3e2,Be2f4][%mdl 32]} Qe7 (10... Nc5 $5) 11. Ne2 Nf6 12. Rc1 Rfd8 13. c4 Rac8 14. Nf4 c5 15. Qe2 dxc4 16. Nxe6 Qxe6 17. Rxc4 Ne4 18. dxc5 Nxc5 19. Ng5 Qe7 {White should prevent ...b5.} 20. Rfc1 b5 21. R4c2 b4 22. Nh3 Bc3 23. Nf4 Ne4 24. Qa6 Nc5 25. Qb5 Qe5 26. Ne2 {[%cal Re2c3]} (26. h4 {is more complex.} Kg7 27. h5 Nd3 28. Qxe5+ Nxe5 29. hxg6 hxg6 30. Nd5) 26... Nd3 (26... Rb8 {seems wilder.} 27. Qc4 Nd3 28. Rd1 Nb2 29. Rxd8+ Rxd8 30. Qc6 Nd1) 27. Qxe5 Nxe5 28. Nxc3 Rxc3 29. Rxc3 bxc3 $11 {[%mdl 4096] Endgame KRB-KRN} 30. Bf1 Rd2 31. Rxc3 Nf3+ 32. Kg2 Ne1+ 33. Kg1 Nf3+ 34. Kg2 Ne1+ 35. Kg1 Rxa2 36. h3 (36. Bg2 $5) 36... Nf3+ 37. Kg2 Nd2 {Threatens to win with ...Ne4.} 38. Bd3 Ra3 39. Rc2 Ne4 40. Bxe4 fxe4 {KR-KR} 41. Rc7 Rxb3 42. Rxa7 h5 43. g4 hxg4 44. hxg4 f5 45. gxf5 gxf5 46. Kg3 Rb5 47. Rc7 Kf8 48. Rc2 Ke7 49. Kf4 Ke6 50. Rc6+ Ke7 51. Rc2 Ke6 52. Ra2 Rc5 53. Kg5 Rb5 54. Rc2 Ra5 55. Rb2 Rc5 56. Rb6+ (56. f3 $5) 56... Ke7 57. Rb2 Ke6 58. Kg6 Ra5 59. Rb6+ Ke7 60. Rf6 Ra2 61. Rxf5 Ke6 62. Rf4 Ke5 63. Kg5 Ra1 64. Rf5+ Ke6 65. Kf4 {[#] Strongly threatening Re5+.} Ra2 66. Kg5 Ra1 67. Kg4 Ra2 68. Rf4 Ke5 69. Rf8 Rb2 70. Re8+ Kd6 71. Rxe4 {[#] Hoping for f4.} Rxf2 72. Kg5 Kd7 73. Rf4 Re2 74. Re4 Rf2 75. Re5 Kd6 76. Re8 $1 Kd7 77. Re4 Rf1 78. Re5 Rf2 79. e4 Rf1 80. Rf5 Re1 81. Re5 Rf1 82. Kg6 Rf4 83. Kg5 Rf1 84. Ra5 Ke6 85. Ra2 Ke5 86. Ra5+ Kxe4 87. Ra4+ Ke5 88. Ra5+ {Precision: White = 66%, Black = 78%.} 1/2-1/2

[Event "Saint Louis Blitz 2017"]
[Site "Saint Louis"]
[Date "2017.08.17"]
[Round "2"]
[White "Karjakin, Sergey"]
[Black "Dominguez Perez, Leinier"]
[Result "1-0"]
[WhiteElo "2773"]
[BlackElo "2739"]
[Annotator "TA"]
[PlyCount "81"]
[EventDate "2017.??.??"]
[EventType "tourn"]
[EventCountry "USA"]
[SourceTitle "playchess.com"]
[Source "ChessBase"]
[SourceQuality "1"]

{[%evp 9,81,-35,-17,-28,32,12,15,6,20,26,35,48,48,51,37,40,46,32,32,33,54,37,52,38,76,43,69,69,88,33,80,65,115,81,104,88,105,72,91,57,96,86,81,93,85,99,81,66,283,274,270,227,391,420,383,418,416,411,526,586,598,585,576,562,568,555,537,493,29979,29980,1873,1294,29991,694]} 1. d4 d5 2. Bf4 Bf5 3. e3 e6 4. c4 (4. Bd3 Bxd3 5. Qxd3 c6 6. Nd2 Nf6 7. Ngf3 Be7 8. O-O O-O 9. h3 Nbd7 10. a4 c5 11. a5 c4 12. Qe2 b5 13. axb6 axb6 14. Ne5 Nxe5 15. dxe5 {1-0 (45) Carlsen,M (2855)-Giri,A (2785) Bilbao 2016}) 4... Bxb1 5. Rxb1 Bb4+ 6. Ke2 {[#] Hoping for c5. D00: 1 d4 d5: Unusual lines} Bd6 ({Better is} 6... dxc4 $11 7. Qc2 Ne7) 7. g3 $146 ({Predecessor:} 7. Nh3 Bxf4 8. Nxf4 c6 9. Qb3 Qb6 10. c5 Qxb3 11. axb3 Na6 {1-0 (38) Atkins,R (2093)-Buttell,D (1768) Reading 2017}) 7... Bxf4 8. gxf4 {The position is equal.} Nf6 9. Qb3 b6 10. Bg2 O-O 11. Nf3 $36 {[%mdl 2048] White fights for an advantage.} Nc6 {[%cal Bb8c6,Bc6e7,Be7g6][%mdl 32]} 12. cxd5 Nxd5 13. Rhc1 Nce7 14. Ne5 Ng6 15. Nd3 a5 16. a3 a4 17. Qc4 Ra7 18. Rc2 Nde7 19. Bh1 (19. Rbc1 $16) 19... Qd6 20. Rd1 h6 21. Kd2 {[%cal Be2d2,Bd2c1,Bc1b1][%mdl 32]} Rc8 22. Kc1 c6 23. Qb4 Qd8 24. Be4 Ra5 25. Bf3 Nh4 26. Be2 Nhg6 27. Kb1 Nd5 28. Qe1 Rb5 $2 {[#]} (28... Ra7 $14) 29. Ne5 $18 Nxe5 30. dxe5 ({Not} 30. fxe5 Ra5 $14) 30... Qe8 $2 (30... Rc5 {was worth a try.} 31. Rxc5 bxc5) 31. Bxb5 cxb5 32. Rxc8 Qxc8 {[%mdl 4096] Endgame KQR-KQN} 33. Qd2 Qb7 34. e4 Ne7 35. f3 Ng6 36. Qd8+ Kh7 37. f5 {[%cal Bf4f5,Bf5e6,Be6e7][%mdl 32]} (37. Rd7 Qa6 $18) 37... Nxe5 38. fxe6 Nxf3 (38... fxe6 $18 39. Qd6 Ng6 40. Qxe6 Qc7) 39. e7 Qxe4+ 40. Ka1 Nd4 41. Qxd4 {Precision: White = 56%, Black = 25%.} ({Weaker is} 41. e8=Q Nc2+ 42. Kb1 Nxa3+ 43. Ka1 Nc2+ 44. Kb1 Na3+ 45. Ka1 Nc2+ 46. Ka2 (46. Kb1 Na3+ $11) 46... Qc4+ 47. Kb1 Na3+ 48. bxa3 Qb3+ 49. Kc1 Qc3+ 50. Kb1 Qb3+ 51. Kc1 Qc3+ 52. Kb1 Qb3+ $11) (41. Rxd4 $142 Qf3 42. e8=Q b4 43. Qg8+ Kg6 44. Qxb6+ Kh5 45. Qb5+ Kg6 46. Qb6+ Kh5 47. Qb5+ Kg6 48. Qb6+) 1-0

[Event "Saint Louis Blitz 2017"]
[Site "Saint Louis"]
[Date "2017.08.17"]
[Round "2"]
[White "Nepomniachtchi, Ian"]
[Black "Kasparov, Garry"]
[Result "1/2-1/2"]
[WhiteElo "2751"]
[BlackElo "2812"]
[Annotator "TA"]
[PlyCount "94"]
[EventDate "2017.??.??"]
[EventType "tourn"]
[EventCountry "USA"]
[SourceTitle "playchess.com"]
[Source "ChessBase"]
[SourceQuality "1"]

{[%evp 19,94,0,6,0,10,-26,3,-27,0,0,0,-51,0,0,0,-10,0,0,0,0,0,8,8,0,16,0,15,-27,71,-29,0,0,0,-23,-12,-60,7,0,22,-75,0,-85,-53,-62,-25,-27,-27,-21,-26,-37,7,12,18,14,64,61,60,55,66,59,64,22,80,37,62,46,48,60,58,53,53,9,47,0,56,0,43]} 1. e4 c5 2. Nf3 d6 3. d4 cxd4 4. Nxd4 Nf6 5. Nc3 a6 6. Be2 e6 7. O-O Be7 8. a4 Nc6 9. Be3 O-O 10. Qd2 Qc7 {LiveBook: 15 Games} 11. Rfd1 {B83: Sicilian Scheveningen: 6 Be2, lines without ...a6} (11. f4) 11... Bd7 12. f3 Na5 13. Qe1 $146 (13. Nb3 $5 {[%cal Rb3a5]} Nc4 14. Bxc4 Qxc4 15. Bf4 $11) ({Predecessor:} 13. Qd3 Rac8 14. Ndb5 axb5 15. axb5 Nc4 16. Bc1 Rfd8 17. Ra4 Nb6 18. Ra7 Qb8 19. Ra1 d5 20. b3 Bd6 21. g3 Be5 22. Na4 Bxa1 23. Nxb6 Rc3 24. Nxd7 Rxd3 {0-1 (24) Pehal,L-Bures,V (2175) Czechia 2004}) 13... Rac8 14. Kh1 Rfe8 15. Bf1 (15. Qg3 $11) 15... Nc4 16. Bxc4 Qxc4 17. a5 Qb4 18. Nb3 h6 19. Qg3 Nh5 20. Qf2 Nf6 21. Bb6 e5 (21... d5 $5) 22. Qd2 Qc4 (22... Bb5 $5) 23. Bf2 {[#]} Be6 {[#]} (23... d5 $1 $11 {[%mdl 512]} 24. exd5 (24. Nxd5 Nxd5) 24... Bb4) 24. Bh4 ({Better is} 24. Nc5 $1 $16) 24... Red8 (24... Rcd8 $5 {[%cal Rf6e4]}) 25. Qe1 Qc6 26. Rac1 Qe8 27. Bf2 Rc6 (27... d5 $15 28. exd5 Nxd5) 28. Nd5 $11 Rdc8 {...Bxd5 is the strong threat.} 29. Na1 (29. Nb6 $11) 29... Bd8 (29... Bxd5 $1 $17 30. exd5 Rc4) 30. Qb4 (30. Nxf6+ $11 Bxf6 31. b3) 30... Bxd5 $1 $17 31. exd5 Rc4 32. Qxb7 e4 $1 {[%cal Re4f3] Hoping for ...exf3.} 33. Re1 ({Wrong is} 33. Qxa6 $2 exf3 34. Rd3 fxg2+ 35. Kg1 Qd7 $19) 33... Bxa5 34. c3 Qb5 35. Qxb5 axb5 36. Nb3 Bd8 37. Nd2 Ra4 38. Nxe4 Nxe4 39. Rxe4 Bf6 40. Rce1 Kh7 (40... Ra2 $11 {remains equal.}) 41. Bg3 Ra2 42. Rb4 $36 {[%mdl 2048] White has the initiative.} Rc5 43. Bxd6 Rxd5 44. Bf4 Be7 45. Rbe4 Bf6 46. Rb4 Be7 47. Rbe4 Bf6 {Precision: White = 34%, Black = 40%.} 1/2-1/2

[Event "Saint Louis Blitz 2017"]
[Site "Saint Louis"]
[Date "2017.08.17"]
[Round "3"]
[White "Kasparov, Garry"]
[Black "Caruana, Fabiano"]
[Result "0-1"]
[WhiteElo "2812"]
[BlackElo "2807"]
[Annotator "TA"]
[PlyCount "80"]
[EventDate "2017.??.??"]
[EventType "tourn"]
[EventCountry "USA"]
[SourceTitle "playchess.com"]
[Source "ChessBase"]
[SourceQuality "1"]

{[%evp 20,80,23,10,18,0,19,20,89,15,37,33,51,26,35,24,39,35,24,47,37,11,137,132,172,175,174,181,193,90,91,87,81,-66,37,-46,-41,-45,-66,-139,0,-118,-97,-165,-164,-158,-158,-158,-168,-155,-162,-195,-192,-366,-359,-601,-599,-782,-715,-665,-687,-814,-891]} 1. e4 {[%cal Be2e4,Be4e5][%mdl 32]} e6 2. d4 d5 3. Nc3 Nf6 4. e5 Nfd7 5. f4 c5 6. Nf3 Nc6 7. Be3 Be7 8. Qd2 a6 9. a3 {C11: French: Classical System: 4 e5 and 4 Bg5 dxe4} (9. Be2 b5 10. O-O O-O 11. a3 Bb7 12. Nd1 f6 13. c3 Rc8 14. Bd3 Na5 15. Qe2 fxe5 16. fxe5 cxd4 17. cxd4 {1-0 (38) Grischuk,A (2761)-Caruana,F (2808) Paris 2017}) 9... b5 10. Bd3 Bb7 11. O-O {LiveBook: 3 Games. White has an edge.} O-O 12. Kh1 f5 $146 ({Predecessor:} 12... f6 13. exf6 Bxf6 14. Be2 cxd4 15. Nxd4 Nxd4 16. Bxd4 Bxd4 17. Qxd4 {1-0 (49) So,W (2667)-Gomez,J (2538) Mashhad 2011}) 13. Qf2 {[%cal Rd4c5]} Rc8 (13... c4 $11 14. Be2 Qe8) 14. Rg1 (14. dxc5 $16 {b4 is the strong threat.} d4 15. Nxd4 Nxd4 16. Bxd4) 14... b4 15. axb4 Nxb4 16. g4 g6 17. gxf5 Nxd3 18. cxd3 Rxf5 19. Ne2 Rf7 20. h4 Kh8 (20... c4 $11 {keeps the balance.}) 21. h5 $16 gxh5 22. Qh2 $1 Qf8 23. Qxh5 c4 24. Ng5 (24. Ng3 $18 {has better winning chances.}) 24... Bxg5 25. Rxg5 cxd3 26. Nc3 {[#]} ({White should play} 26. Ng3 $16) 26... Nb6 (26... Nc5 $1 $15 {[%mdl 512]}) 27. f5 ({Better is} 27. Rag1 $1 $14) 27... Rxf5 $15 ({Much weaker is} 27... exf5 $6 28. Rag1 $16) 28. Rxf5 Qxf5 (28... exf5 $2 {perishes.} 29. Bh6 $18) 29. Bg5 {[#]} (29. Qxf5 $15 exf5 30. Bg5) 29... Rf8 ({Black should try} 29... Nd7 $1 $17 30. Qh4 Rf8) 30. Qh4 (30. Qh6 $1 $11 {was the only way to keep the balance.} Nd7 {[#]} 31. Bf6+ $1 {[%mdl 512]} Rxf6 32. exf6 Qf3+ 33. Kg1 Qg3+ 34. Kh1) 30... Qf3+ $17 31. Kg1 (31. Kh2 $17 {might work better.}) 31... Nd7 32. Kh2 Qf2+ 33. Qxf2 Rxf2+ 34. Kg3 Rxb2 35. Rf1 Kg7 36. Na4 $2 (36. Rd1) 36... Rc2 $19 37. Bf6+ $2 (37. Nc5 Nxc5 38. dxc5) 37... Kg6 {Black is clearly winning.} 38. Kf4 Nxf6 39. exf6 d2 40. f7 Rc1 {Precision: White = 27%, Black = 46%.} 0-1

[Event "Saint Louis Blitz 2017"]
[Site "Saint Louis"]
[Date "2017.08.17"]
[Round "3"]
[White "Anand, Viswanathan"]
[Black "Nakamura, Hikaru"]
[Result "1/2-1/2"]
[WhiteElo "2783"]
[BlackElo "2792"]
[Annotator "TA"]
[PlyCount "53"]
[EventDate "2017.??.??"]
[EventType "tourn"]
[EventCountry "USA"]
[SourceTitle "playchess.com"]
[Source "ChessBase"]
[SourceQuality "1"]

{[%evp 13,53,17,21,18,22,19,17,19,22,16,20,16,16,18,16,18,39,57,60,23,24,14,14,14,24,27,29,27,46,41,42,43,60,45,43,31,41,48,40,48,44,0]} 1. e4 e5 2. Nf3 Nc6 3. Bb5 Nf6 4. d3 Bc5 5. Bxc6 dxc6 6. O-O {C65: Ruy Lopez: Berlin Defence (3...Nf6), unusual lines and 4 0-0 Bc5} (6. Be3 Bd6 7. h3 Nd7 8. Nbd2 O-O 9. Qe2 Re8 10. O-O-O Qe7 11. g4 Nc5 12. Kb1 Na4 13. Nc4 b5 14. Nxd6 cxd6 {0-1 (36) Yu,Y (2753)-Grischuk,A (2761) Jiayuguan 2017}) (6. h3 Be6 7. Nc3 Nd7 8. Ng5 Qe7 9. Nxe6 Qxe6 10. Qg4 Qg6 11. Ne2 Bd6 12. Ng3 Nf8 13. Nf5 Ne6 {½-½ (49) Anand,V (2779)-Nakamura,H (2779) Saint Louis 2016}) 6... Qe7 7. Nbd2 Bg4 {LiveBook: 13 Games} 8. h3 {The position is equal.} Bh5 9. a3 {[%cal Ba2a3,Ba3b4][%mdl 32]} a5 10. Nc4 Nd7 11. g4 Bg6 12. b4 axb4 13. Bg5 f6 {[%cal Rb4a3]} 14. axb4 Rxa1 $146 15. Qxa1 Bd6 16. Qa8+ Qd8 17. Qxd8+ Kxd8 18. Ra1 {[#] Ra8+ is the strong threat.} Ke7 19. Bd2 Bf7 20. Ne3 {Strongly threatening Nf5+.} g6 21. g5 {White is slightly better.} fxg5 22. Nxg5 b6 23. Kg2 Be6 24. h4 Nf6 25. Bc3 Rf8 26. Nf3 Nd7 27. Ng5 {Precision: White = 88%, Black = 88%.} 1/2-1/2